Gaming Quiz

Random Gaming Quiz

Mw2 maps + stimulus map pack Quiz Stats

 Plays Quiz not verified by Sporcle

Challenge
Share
Tweet
Embed
Score 0/21 Timer 06:00
0 Plays Today
maps % Correct
rust
86.5%
afghan
84.2%
overgrown
82.5%
crash
82.5%
bailout
81.3%
wasteland
81.3%
karachi
79.5%
highrise
77.2%
storm
77.2%
derail
77.2%
salvage
76%
maps % Correct
terminal
74.3%
rundown
72.5%
underpass
72.5%
sub base
71.9%
invasion
71.9%
favela
70.2%
scrapyard
70.2%
estate
69.6%
skidrow
69.6%
quarry
65.5%

You're not logged in!

Compare scores with friends on all Sporcle quizzes.
OR
Log In

You Might Also Like...

Show Comments

Extras

Created Apr 9, 2010ReportNominate
Tags:map, mw2, pack

Top Quizzes Today


Score Distribution

Your Account Isn't Verified!

In order to create a playlist on Sporcle, you need to verify the email address you used during registration. Go to your Sporcle Settings to finish the process.

Report this User

Report this user for behavior that violates our Community Guidelines.

Details: